| 000 | 00768cam a2200217 4500 | ||
|---|---|---|---|
| 001 | WB3606-32 | ||
| 008 | 000000n2000 000 0 eng u | ||
| 035 | _a(Sirsi) u104087 | ||
| 245 | _aDeprived areas need more time | ||
| 260 | _c2000 | ||
| 490 |
_aPlanning (for the Natural and Built Environment) _v(1354) 4 February 2000, 7(1) |
||
| 520 | _aA report by the DETR, "City Challenge - the final national evaluation", suggests that in some deprived areas it may take up to 15 years before the effects of regeneration programmes such as City Challenge are felt. | ||
| 590 | _aWB | ||
| 650 | _aCITY CHALLENGE | ||
| 650 | _aDETR | ||
| 650 | _aREGENERATION PROGRAMMES | ||
| 650 | _aDEPRIVED AREAS | ||
| 650 | _aREPORTS | ||
| 690 | _aREGENERATION | ||
| 942 | _n0 | ||
| 999 |
_c62463 _d62463 |
||